书目信息 |
| 题名: |
拖拉机驾驶员基本常识问答
|
|
| 作者: | ;黑龙江省革命委员会农业机械局 编 | |
| 分册: | ||
| 出版信息: | 哈尔滨 黑龙江人民出版社 1971.08 |
|
| 页数: | 93页 | |
| 开本: | 20cm | |
| 丛书名: | ||
| 单 册: | ||
| 中图分类: | S219.0 | |
| 科图分类: | ||
| 主题词: | 农业--动能 , 农业--能源 | |
| 电子资源: | ||
| ISBN: | ||
| 000 | 00751nam0 2200217 450 | |
| 001 | 0658304890 | |
| 005 | 20061122162007.54 | |
| 010 | @dCNY0.18 | |
| 091 | @a15093.003 | |
| 100 | @a20061122d1971 km y0chiy0120 ea | |
| 101 | 0 | @achi |
| 102 | @aCN@b230000 | |
| 200 | 1 | @a拖拉机驾驶员基本常识问答@Atuo la ji jia shi yuan ji ben chang shi wen da@f黑龙江省革命委员会农业机械局编@Fhei long jiang sheng ge ming wei yuan hui nong ye ji xie ju bian |
| 210 | @a哈尔滨@c黑龙江人民出版社@d1971.08 | |
| 215 | @a93页@d20cm | |
| 606 | 0 | @a农业@x动能 |
| 606 | 0 | @a农业@x能源 |
| 690 | @aS219.0@v3 | |
| 711 | 0 | @a黑龙江省革命委员会农业机械局@Ahei long jiang sheng ge ming wei yuan hui nong ye ji xie ju@4编 |
| 801 | 0 | @aCN@bPFT@c20061122 |
| 905 | @a10447@dS219.0@e12 | |
| 拖拉机驾驶员基本常识问答/黑龙江省革命委员会农业机械局编.-哈尔滨:黑龙江人民出版社,1971.08 |
| 93页;20cm |
| ISBN :CNY0.18 |
| ● |
| 相关链接 |
|
|
|
|
正题名:拖拉机驾驶员基本常识问答
索取号:S219.0/12
 
预约/预借
| 序号 | 登录号 | 条形码 | 馆藏地/架位号 | 状态 | 备注 |
| 1 | 0018097 | 000718085 | 第二样本阅览室/ [索取号:S219.0/12] | 在馆 |